Money Laundering and Proceeds of Crime

Detalles Bibliográficos
Autor principal: Hubbard, Robert
Otros Autores: Murphy, Daniel, De Freitas, Peter
Formato: eBook
Lenguaje:inglés
Publicado: Toronto: Irwin Law Inc., 2004
Materias:
Acceso en línea:Acceso restringido

MARC

LEADER 00000nam a22000007a 4500
005 20210901211747.0
007 cr|||| ||||
008 210901s2004 ca |||||s|||| 00||0 eng d
020 |a 9781459313835 
035 |a 35328 
040 |a vLex 
090 |c 12190  |d 12190 
100 1 |a Hubbard, Robert 
245 1 0 |a Money Laundering and Proceeds of Crime  |h [Recurso electrn̤ico] /  |c Robert Hubbard, Daniel Murphy, Peter De Freitas 
256 |a Servicio en ln̕ea 
260 |a Toronto:  |b Irwin Law Inc.,  |c 2004 
300 |a 1 recurso electrn̤ico 
500 |a A concise and practical guide to domestic laws dealing with proceeds of crime and money laundering. It includes discussion of the recent amendments to the Criminal Code and new anti-terrorism legislation. This timely text places the Canadian experience in the broader international context. Money Laundering and Proceeds of Crime is an important addition to the libraries of both the Crown and defence bars in Canada, as well as accountants and officers of Canadian and international financial institutions who must comply with these new domestic and cross-border initiatives. 
506 1 |a Disponible solo en los productos indicados  |d vLex Global  |d vLex Global (Academic Edition, excluding Law Schools)  |d vLex Global (U.S. Academic Edition, Law Schools)  |d vLex Global (U.S. Academic Edition, excluding Law Schools)  |d vLex Global (Academic Edition, Law Schools) 
650 0 4 |a Derecho Penal  |z Canad̀ 
700 1 |a Murphy, Daniel 
700 1 |a De Freitas, Peter 
740 0 |a vLex Libros (Servicio en ln̕ea) 
856 4 0 |u https://app.vlex.com/#/sources/35328  |z Acceso restringido 
942 |c BOOK 
999 0 |a Criminal law